Statistics for Harry Potter Word Scarmble (2)

Click here to take the quiz!

General Stats

  • This quiz has been taken 114 times
  • The average score is 11 of 16

Answer Stats

ScrambledUnscrambled% Correct
BODBYDobby
98%
HOCCho
95%
DEICRCCedric
94%
LLEBRXTIABellatrix
90%
ILLYLily
90%
ULANLuna
84%
SURISISirius
83%
HET TFA LDYAThe Fat Lady
77%
WGHEIDHedwig
76%
MESJAJames
74%
MRUSERemus
65%
KNTOSTonks
61%
REVONNVernon
47%
LWEATRYNTrelawney
40%
EWRANORowena
33%
MTROWILAWormtail
12%

Score Distribution

Percentile by Number Answered

Percent of People with Each Score

Your Score History

You have not taken this quiz